movies with animals in the title - Statistics

General Stats
  • This quiz has been taken 109 times
  • The average score is 10 of 15
Answer Stats
title starring year animal % Correct
The Aristo___s Eva Gabor 1970 Cat
93%
______juice Michael Keaton 1988 Beetle
89%
_________ Dundee Paul Hogan 1986 Crocodile
89%
The ____ King Matthew Broderick 1994 Lion
87%
___ Day Afternoon Al Pacino 1975 Dog
85%
Dances With ______ Kevin Costner 1990 Wolves
83%
Black ____ Down Ewan McGregor 2001 Hawk
76%
Jojo ______ Thomasin McKenzie 2019 Rabbit
65%
The _____ Brendan Fraser 2022 Whale
60%
_____ Tale Will Smith 2004 Shark
59%
Brother ____ Joaquin Phoenix 2003 Bear
55%
_______sy Roger Moore 1983 Octopus
49%
The ____man Robert Pattinson 2022 Bat
44%
The ____man Prophecies Richard Gere 2002 Moth
40%
The _______ Colin Farrell 2015 Lobster
23%
No matching quizzes found
Score Distribution
Percent of People with Each Score
Percentile by Number Answered
Your Score History
You have not taken this quiz